Солонич: Рассказы и повесть; Для среднего и старшего школьного возраста

Dades bibliogràfiques
Autor principal: Екимов Б. П. Борис Петрович
Altres autors: Коминарец О. (иллюстратор)
Idioma:rus
Publicat: Москва, Детская литература, 1989
Matèries:
Format: MixedMaterials Llibre
KOHA link:https://koha.lib.tpu.ru/cgi-bin/koha/opac-detail.pl?biblionumber=138825

MARC

LEADER 00000nam0a2200000 4500
001 138825
005 20231031141546.0
010 |a 5080008245 
020 |a RU  |b 89-58725 
035 |a (RuTPU)RU\TPU\book\150405 
090 |a 138825 
100 |a 20080530d1989 de y0rusy5003 ca 
101 0 |a rus 
102 |a RU 
105 |a a z 000ay 
200 1 |a Солонич  |e Рассказы и повесть   |e Для среднего и старшего школьного возраста  |f Б. П. Екимов  |g худож. О. Коминарец 
210 |a Москва  |c Детская литература  |d 1989 
215 |a 205,[2] с.  |c ил.  |d 21 см 
327 1 |a Содерж.: Частное расследование: Повесть; Рассказы: Последняя хата; Пара осенней обуви; Родня; Тары да бары; Солонич; Осенний пляж 
610 1 |a советская литература 
610 1 |a рассказы 
610 1 |a повести 
675 |a Р2  |z rus 
700 1 |a Екимов  |b Б. П.  |g Борис Петрович  |4 070 
702 1 |a Коминарец  |b О.  |4 440 
801 0 |a RU  |b RuMRKP  |c 19950417  |g psbo 
801 2 |a RU  |b 63413507  |c 20080530  |g PSBO 
942 |c BK